000 00785nam a22002177a 4500
003 0
005 20250407112813.0
008 250404b xxu||||| |||| 00| 0 eng d
020 _a978-621-427-193-1
050 _aTS 155
_b.Ab23 2024
100 _aAbante, Marmelo V.
245 _aAdvanced production and operations management.
_cMarmelo V. Abante
260 _aIntamuros, Manila
_bUnlimited books library services & publishing, INC
_c2024
300 _avi, 320 pages;
_c25cm.
504 _aIncludes bibliographical references and indexes.
650 _aProduction management -- Operations management.
650 _aManufacturing processes -- Industrial management.
650 _a Process improvement -- Quality control.
700 _aJulianes, Melchor S.
942 _2lcc
_cBK
999 _c367361
_d367361